000
00280nam a2200109Ia 4500
008
200302s9999 xx 000 0 und d
100
_a
Leslie Perlis
245
_a
Stained Glass Windows of Vision Collection Four
260
_b
Wardell Puplication
260
_c
2001
300
_a
79 P.,
999
_c
1629
_d
1629